Statistics for History of Germany Quiz

Click here to take the quiz!

General Stats

  • This quiz has been taken 19,534 times
  • The average score is 14 of 20

Answer Stats

Hint Answer % Correct
Leader of Germany during WWIIAdolf Hitler
98%
Another name for Nazi GermanyThird {Reich}
94%
Symbol of the Cold War that
fell in 1989
Berlin Wall
92%
First female ChancellorAngela Merkel
89%
Monk who started
the Protestant Reformation
Martin Luther
84%
Highway system begun in the 1930'sAutobahn
81%
Country ruled by Frederick the GreatPrussia
79%
City that was firebombed on
February 13, 1945
Dresden
75%
Short-lived republic, 1919-1933{Weimar}
Republic
73%
What Johannes Gutenberg inventedPrinting Press
73%
Capital of West GermanyBonn
71%
Emperor of Germany during WWIWilhelm II
69%
Rivers that traditionally divided Rome from the Germanic tribesRhine
69%
"Iron Chancellor" of that countryOtto von Bismarck
60%
German empire from 962-1806Holy Roman Empire
53%
Rivers that traditionally divided Rome
from the Germanic tribes
Danube
52%
"Brandenburg Concertos" composerJ.S. Bach
51%
Inventor of the automobileKarl Benz
50%
War of 1618-48Thirty Years' War
47%
Confederation of merchant cities along
the Baltic and North Seas
{Hanseatic} League
34%

Score Distribution

Percentile by Number Answered

Percent of People with Each Score

Your Score History

You have not taken this quiz